Statistiques concernant Les 30 entreprises du Dow Jones

Cliquez ici pour prendre le quiz!

Statistiques générales

  • Ce quiz a été pris 63 fois
  • Le résultat moyen est 5 sur 30

Statistiques - réponses

Entreprise% Correct
Apple
84%
Microsoft
73%
Wal-Mart
45%
Coca-Cola
41%
Mc Donald's
41%
Nike
37%
Boeing
31%
International business Machines
27%
Visa
18%
Intel
16%
JP Morgan
16%
Walt-Disney
12%
American Express
10%
Caterpillar
10%
Cisco
10%
Goldman Sachs
10%
Johnson & Johnson
8%
3M
6%
Home Depot
6%
Procter & Gamble
6%
Verizon
6%
Chevron
4%
Dow
2%
Merck
2%
Salesforce
2%
The Travelers Companies
2%
UnitedHealth
2%
Walgreens
2%
Amgen
0%
Honeywell
0%

Distribution des résultats

Percentile par nombre de réponses

% des personnes avec chaque résultat

Votre développement - résultats

Vous n’avez pas pris ce quiz